Southville International School and Colleges
Your cart is empty.
  • Cart
  • Lists
    Public lists Eva Luna New books Lux_list list_1
    Your lists Log in to create your own lists
  • Log in to your account
  • Your cookies
  • Search history
Southville International School and Colleges
  • Advanced search
  • Recent comments
  • Most popular
  • Libraries

Log in to your account

Log in with GOOGLE


If you do not have an external account, but do have a local account, you can still log in:

  1. Home
  2. MARC view: Trainers methodology :
Normal view MARC view ISBD view

Trainers methodology : (Record no. 305169)

[ view plain ]
MARC details
000 -LEADER
fixed length control field 00462nam a22001577a 4500
003 - CONTROL NUMBER IDENTIFIER
control field SISC
005 - DATE AND TIME OF LATEST TRANSACTION
control field 20161103114049.0
008 - FIXED-LENGTH DATA ELEMENTS--GENERAL INFORMATION
fixed length control field 161103b xxu||||| |||| 00| 0 eng d
020 ## - INTERNATIONAL STANDARD BOOK NUMBER
International Standard Book Number 9789351159353
050 ## - LIBRARY OF CONGRESS CALL NUMBER
Classification number HF 5549.5.T67
Item number .T768 2016
245 ## - TITLE STATEMENT
Title Trainers methodology :
Remainder of title intermediate /
Statement of responsibility, etc 3G elearning.
260 ## - PUBLICATION, DISTRIBUTION, ETC. (IMPRINT)
Place of publication, distribution, etc UAE :
Name of publisher, distributor, etc 3G elearning,
Date of publication, distribution, etc 2016.
300 ## - PHYSICAL DESCRIPTION
Extent vii, 452 pages :
Other physical details color illustrations ;
Dimensions 28 cm.
500 ## - GENERAL NOTE
General note Includes index.
942 ## - ADDED ENTRY ELEMENTS (KOHA)
Source of classification or shelving scheme Library of Congress Classification
Koha item type Books
Holdings
Withdrawn status Lost status Source of classification or shelving scheme Damaged status Home library Current library Shelving location Date acquired Source of acquisition Sub Shelving location Total Checkouts Full call number Barcode Date last seen Price effective from Koha item type
    Library of Congress Classification   College Library College Library Graduate Section 11/03/2016 Library Fund     HF 5549.5.T67 .T768 2016 C20760 05/15/2018 11/03/2016 Books

Trainers methodology :

APA

(2016). Trainers methodology. UAE: 3G elearning.

Chicago

2016. Trainers methodology. UAE: 3G elearning.

Harvard

(2016). Trainers methodology. UAE: 3G elearning.

MLA

Trainers methodology. UAE: 3G elearning. 2016.

  • Place hold
  • Print
  • Cite
  • Add to your cart (remove)
  • Save record
    BIBTEX Dublin Core MARCXML MARC (non-Unicode/MARC-8) MARC (Unicode/UTF-8) MARC (Unicode/UTF-8, Standard) MODS (XML) RIS
  • More searches
    Search for this title in:
    Other Libraries (WorldCat) Other Databases (Google Scholar) Online Stores (Bookfinder.com) Open Library (openlibrary.org)

Exporting to Dublin Core...

SOUTHVILLE LIBRARY

Southville International School and Colleges Library

1281 Tropical Ave. Cor. Luxembourg St., BF Homes International, Las Pinas City

Tel. No. 8256374 / 252358 Loc. 117/146

Powered by Koha